00638nam a2200217Ia 4500003000900000008004100009040001300050040001300063041000800076100002100084245002600105250001200131260002100143260000900164300000800173490000700181490000600188942000700194999001700201952020200218IT-RoPAU120407s9999 xx 000 0 und d aIT-RoPAU cIT-RoPAU aita aAlberto Barbieri aMaria Stella del mare aCatania aEdizioni Paoline c1955 c cm aSm v1 cBK c23222d23222 00102ddc406243_800000000000000_8971aPAULUSbPAULUSd2012-04-11l0o243.8.89r2012-04-11 00:00:00w2012-04-11yBKzInserito da: Carla In data: 24 ottobre 2011 fondo: Via A.Severo 56 Progr:25783